000 01552 a2200253 4500
005 20080916153457.0
008 080916t xxu||||| |||| 00| 0 hin d
010 _aHIN-80947
020 _c330.00
_a9788189962081
035 _aHN-53293
035 _aB-247004
037 _bD.B.Act / pub
082 _a320.9547
100 _aसुहैल, वड़ाएच
_944354
245 _aगद्दार कौनःनवीज़ शरीफ की कहानी उनकी ज़ुबानी
_cवडाएच सुहैल;संपादक तथा अनुवादक शेख़ सलीम अहमद
246 _aGaddaar kaun
_bby Suhail Warraich; Ed and Tran by Sheikh Saleem Ahmed
260 _aगाजियाबाद
_bरेमाधव पब्लिकेशन्स
_c2007
270 _aसी-22,तृतीय तल, आर.डी.सी. राजनगर
_bगाजियाबाद
_e201001(उ.प्र.)
_mcontact@remadhav.com
300 _a221पृ
_c22 सेमी (सजिल्द)
700 _aशेख सलीम अहमद
_944355
942 _adpl
_cHN
_k320.9547 / सुहैल
_2ddc
_h320.9547
_mसुहैल
999 _c7389
_d7389